000 00451pab a2200181 454500
008 180718b2013 xxu||||| |||| 00| 0 eng d
100 _aTsekeris, Theodore
245 _aCity size, network structure and traffic congestion
260 _c2013
300 _ap.1-14.
362 _aJul
650 _aTraffic
650 _aUrban spaces
700 _aGeroliminis, Nikolas
773 _aJournal of Urban Economics
908 _aN
909 _a101622
999 _c101620
_d101620